[Event "CZE-tht Extraliga 2018-19"]
[Site "Czech Republic"]
[Date "2018.11.04"]
[Round "2"]
[White "Petr, Martin"]
[Black "Vyskocil, Neklan"]
[Result "1-0"]
[WhiteElo "2440"]
[BlackElo "2315"]
[Annotator "TA"]
[PlyCount "113"]
[EventDate "2018.11.03"]
[EventType "team-tourn"]
[EventCountry "CZE"]
[SourceTitle "playchess.com"]
[Source "ChessBase"]
[SourceQuality "1"]
[WhiteTeam "GASCO Pardubice"]
[BlackTeam "ŠK DURAS BVK Královo Pole"]

{[%evp 9,113,0,15,8,16,0,14,-12,31,40,39,0,0,0,0,-18,-18,-4,-2,-6,0,0,0,0,0,0,0,-40,-14,-20,-12,-17,-9,-8,-8,-7,-6,-8,-7,-9,-10,-9,-8,-6,0,0,0,0,0,0,0,0,0,0,122,119,273,273,273,273,273,273,273,264,408,379,420,235,234,235,542,191,29950,29954,29951,29953,29947,29954,29947,29952,29948,6135,6133,6107,6095,6087,5506,5197,1666,0,29971,29972,29975,29976,29976,29977,29976,29977,29978,29979,29979,29980,29980,29981,29983,29983]} 1. e4 c5 2. Be2 (2. Nf3 d6 3. d4 cxd4 4. Nxd4 Nf6 5. Nc3 a6 6. Bg5 e6 7. f4 Qb6 8. Nb3 Nbd7 9. Qe2 Qc7 10. O-O-O b5 11. a3 Be7 12. g4 h6 13. Bh4 Rb8 14. Be1 g5 15. f5 Ne5 16. h4 Nfxg4 17. hxg5 Bxg5+ 18. Bd2 {1-0 (64) Grischuk,A (2769)-Vachier Lagrave,M (2780) Douglas 2018}) 2... Nc6 3. f4 Nf6 4. d3 d6 5. Nf3 e5 6. O-O {B31: Sicilian: 2...Nc6 3 Bb5 g6} Be7 7. Kh1 O-O 8. fxe5 $146 {The position is equal.} ({Predecessor:} 8. a4 Bg4 9. Be3 Qc7 10. Nc3 Rac8 {1-0 (47) Traub,I (2005)-Todortsev,V (1845) San Francisco 2008}) 8... Nxe5 9. Nxe5 dxe5 10. Be3 c4 11. Nc3 cxd3 12. cxd3 Be6 13. d4 exd4 14. Bxd4 Qa5 15. Qd3 Rfd8 {Threatening ...Bc5.} 16. Qe3 b6 17. Rad1 Bc5 18. a3 Bxd4 (18... Bb3 {looks sharper.} 19. Bxc5 Qxc5 20. Qxc5 bxc5 21. Rxd8+ Rxd8 22. Kg1 Rd4) 19. Rxd4 Qe5 20. Rfd1 Rxd4 21. Qxd4 Qxd4 22. Rxd4 Kf8 23. Kg1 Ke7 24. Kf2 Rc8 25. Ke3 Nd7 26. Nb5 Rc2 27. Nxa7 Rxb2 28. Nc6+ Kf6 29. e5+ Kg5 30. h4+ Kh6 31. Rd6 {Black must now prevent Nd8.} Rb3+ (31... g6 $11 {remains equal.}) 32. Kf4 $16 Rxa3 $2 (32... g6 $16) 33. Nd4 $18 {Threatening mate with Nf5+.} Ra4 34. Bb5 Rxd4+ 35. Rxd4 {[%mdl 4096] Endgame KRB-KBN} Nf8 36. g3 Ng6+ (36... g6 $142 37. Rd6 Kh5 38. Be2+ Kh6 39. Rxb6 Ba2) 37. Ke4 Ne7 38. Rd6 (38. Bc4 $142) 38... Nf5 {[#]} 39. Kf4 $1 ({Resist} 39. Rxb6 $6 Nxg3+ 40. Kf4 Nh5+ 41. Ke3 g6) 39... Nxd6 $2 (39... g6 40. Rxb6 Kg7) 40. exd6 {KB-KB} f6 $2 (40... Bc8 $18 41. d7 Bxd7 42. Bxd7 g6) 41. d7 Bxd7 42. Bxd7 {KB-KP} g6 43. g4 Kg7 44. Bb5 Kh6 45. Be2 (45. Bc4 $142 Kg7 46. Bd3 Kf8 47. Kg3 Kg7 48. Bb5 Kh8 49. Bc4 Kg7 50. Bb5) 45... Kg7 46. Ke3 Kf7 47. Kd4 Ke6 48. Bc4+ Kd6 49. Be2 $2 (49. Bd3 $18 {Threatens to win with Bc4.} Ke7 50. Ke3) 49... h5 $2 {[%mdl 8192] [#]} (49... Ke6 $11) 50. g5 $1 {White mates.} ({Weaker is} 50. gxh5 gxh5 51. Ke4 (51. Bxh5 Ke7 $11) 51... Ke7 $18) 50... fxg5 51. hxg5 {KB-K3P} h4 52. Bf1 Ke6 53. Ke4 b5 54. Bxb5 h3 55. Bc4+ Kd6 56. Kd4 Kc6 57. Ke5 {Precision: White = 76%, Black = 48%.} 1-0

[Event "CZE-tht Extraliga 2018-19"]
[Site "Czech Republic"]
[Date "2018.11.04"]
[Round "2"]
[White "Svoboda, Svatopluk"]
[Black "Talla, Vladimir"]
[Result "1/2-1/2"]
[WhiteElo "2438"]
[BlackElo "2402"]
[Annotator "TA"]
[PlyCount "34"]
[EventDate "2018.11.03"]
[EventType "team-tourn"]
[EventCountry "CZE"]
[SourceTitle "playchess.com"]
[Source "ChessBase"]
[SourceQuality "1"]
[WhiteTeam "Siesta Solution Unichess A"]
[BlackTeam "Labortech Ostrava"]

{[%evp 21,23,0,0,-6]} 1. e4 e5 2. Nf3 Nf6 3. Nc3 Nc6 4. d4 exd4 5. Nxd4 Bb4 6. Nxc6 bxc6 7. Bd3 d5 8. exd5 cxd5 9. O-O O-O 10. Qf3 {C47: Schottisches Vierspringerspiel} c6 11. h3 Re8 {LiveBook: 153 Partien} 12. Bg5 {Vorgänger:} Bd6 $146 13. Rfe1 Rxe1+ 14. Rxe1 Bd7 15. Bf4 Qb8 16. Bxd6 Qxd6 17. b3 c5 {½-½ (48) Morozevich,A (2665)-Kramnik,V (2800) Moscow 2018} 1/2-1/2

[Event "CZE-tht Extraliga 2018-19"]
[Site "Czech Republic"]
[Date "2018.11.04"]
[Round "2"]
[White "UNA6 Svoboda Svatopluk FM"]
[Black "LAB9 Talla Vladimir GM"]
[Result "1/2-1/2"]
[WhiteElo "2438"]
[BlackElo "2402"]
[Annotator "NA"]
[PlyCount "23"]
[EventDate "2018.11.03"]
[EventType "team-tourn"]
[EventCountry "CZE"]
[SourceTitle "playchess.com"]
[Source "ChessBase"]
[SourceQuality "1"]
[TimeControl "40/5400+30:1800+30"]

1. e4 {[%emt 0:00:00]} e5 {[%emt 0:00:00]} 2. Nf3 {[%emt 0:00:00]} Nf6 {[%emt 0:00:00]} 3. Nc3 {[%emt 0:00:00]} Nc6 {[%emt 0:00:00]} 4. d4 {[%emt 0:00:36]} exd4 {[%emt 0:00:04]} 5. Nxd4 {[%emt 0:00:10]} Bb4 {[%emt 0:00:05]} 6. Nxc6 {[%emt 0:00:31]} bxc6 {[%emt 0:01:11]} 7. Bd3 {[%emt 0:00:07]} d5 {[%emt 0:00:05]} 8. exd5 {[%emt 0:00:17]} cxd5 {[%emt 0:02:58]} 9. O-O {[%emt 0:00:06]} O-O {[%emt 0:00:05]} 10. Qf3 {[%emt 0:04:52]} c6 {[%emt 0:11:13]} 11. h3 {[%emt 0:00:22]} Re8 {[%emt 0:00:36]} 12. Bg5 {[%emt 0:00:37]} 1/2-1/2

[Event "CZE-tht Extraliga 2018-19"]
[Site "Czech Republic"]
[Date "2018.11.04"]
[Round "2"]
[White "Cernousek, Lukas"]
[Black "Velicka, Petr"]
[Result "1/2-1/2"]
[WhiteElo "2434"]
[BlackElo "2423"]
[Annotator "TA"]
[PlyCount "33"]
[EventDate "2018.11.03"]
[EventType "team-tourn"]
[EventCountry "CZE"]
[SourceTitle "playchess.com"]
[Source "ChessBase"]
[SourceQuality "1"]
[WhiteTeam "Siesta Solution Unichess A"]
[BlackTeam "Labortech Ostrava"]

{[%evp 24,25,11,17]} 1. d4 d5 2. c4 c6 3. cxd5 cxd5 4. Nf3 Nc6 5. Nc3 Nf6 6. Bf4 a6 7. Rc1 Bf5 8. e3 e6 9. Qb3 Ra7 {D13: Damengambit (Slawische Verteidigung, Abtauschvariante)} 10. Ne5 (10. Be2 Be7 11. O-O O-O 12. Na4 Nd7 13. h3 Na5 14. Qc3 Nc4 15. b3 Nd6 16. Nc5 Nxc5 17. dxc5 {1-0 (48) Xiong,J (2665)-Jumabayev,R (2621) Saint Louis 2018}) 10... Nxe5 11. Bxe5 Nd7 12. Bg3 Be7 13. Be2 {[#] LiveBook: 15 Partien} {Vorgänger:} O-O $146 14. O-O Qb6 15. Qxb6 Nxb6 16. Bc7 Na8 17. Bg3 {½-½ (75) Plat,V (2543)-Turner,M (2533) Cardiff 2018} 1/2-1/2

[Event "CZE-tht Extraliga 2018-19"]
[Site "Czech Republic"]
[Date "2018.11.04"]
[Round "2"]
[White "Blahynka, Martin"]
[Black "Votava, Jan"]
[Result "0-1"]
[WhiteElo "2426"]
[BlackElo "2527"]
[Annotator "TA"]
[PlyCount "80"]
[EventDate "2018.11.03"]
[EventType "team-tourn"]
[EventCountry "CZE"]
[SourceTitle "playchess.com"]
[Source "ChessBase"]
[SourceQuality "1"]
[WhiteTeam "ŠK DURAS BVK Královo Pole"]
[BlackTeam "GASCO Pardubice"]

{[%evp 20,80,0,0,16,9,28,25,14,25,26,-25,-11,-20,-17,-18,-13,-79,-84,-101,-77,-75,-81,-85,-74,-79,-72,-72,-46,-74,-77,-76,-72,-221,-221,-220,-212,-234,-233,-237,-225,-389,-347,-738,-704,-530,-521,-1279,-1053,-1432,-969,-6083,-6083,-12828,-11125,-6095,-1322,-12253,-7020,-6083,-5543,-5189,-2335]} 1. e4 {[%cal Be2e4,Be4e5][%mdl 32]} e5 2. Nf3 Nc6 3. d4 exd4 4. Nxd4 Nf6 5. Nxc6 bxc6 6. e5 Qe7 7. Qe2 Nd5 8. h4 d6 {C45: Scotch Game} (8... Qe6 9. g3 Nb4 10. c4 Ba6 11. Bf4 d5 12. a3 Bxc4 13. Qd1 Bxf1 14. Kxf1 Na6 15. Nc3 Nc5 16. b4 {1-0 (32) Tomczak,J (2614)-Kramnik,V (2779) Batumi 2018}) 9. c4 Nb6 10. exd6 cxd6 11. Nc3 {LiveBook: 4 Games} Bg4 12. f3 $146 ({Predecessor:} 12. Qxe7+ Bxe7 13. Be3 O-O 14. Rc1 Bf6 15. b3 d5 16. cxd5 Nxd5 17. Nxd5 cxd5 {1-0 (51) Iljiushenok,I (2530)-Provotorov,I (2378) Voronezh 2018}) 12... Qxe2+ (12... Be6 {with more complications.} 13. b3 Rd8 14. Bb2 d5 15. cxd5 Nxd5 16. O-O-O Qc5) 13. Bxe2 Be6 14. b3 Be7 15. Bb2 (15. Bd2 $142) 15... O-O $11 16. h5 a5 {[%cal Ba7a5,Ba5a4][%mdl 32]} 17. O-O a4 18. Rac1 (18. f4 $11 {keeps the balance.}) 18... Rfb8 $17 19. f4 {[#]} Nxc4 $1 {[%mdl 512]} 20. f5 (20. bxc4 Rxb2) 20... Nxb2 21. fxe6 fxe6 22. Nxa4 Nxa4 23. bxa4 Rf8 (23... Rxa4 {feels hotter.} 24. Rxc6 Rf8 25. Rxf8+ Kxf8 26. Bd3 g6) 24. Rxf8+ Kxf8 25. Rxc6 Rxa4 26. Ra6 (26. Bd3 $17) 26... Rxa6 $19 27. Bxa6 {[%mdl 4096] Endgame KB-KB} d5 28. a4 Bb4 29. Kf2 Ke7 30. Ke3 $2 {[#]} (30. h6 {keeps fighting.} gxh6 31. Ke3) 30... e5 {[%cal Be6e5,Be5e4][%mdl 32]} 31. Kd3 $2 (31. h6 gxh6 32. Bb7) 31... Kd6 {Black is clearly winning.} 32. Bb7 Ba5 33. Ke3 Bb6+ 34. Kf3 Ke6 35. Bc6 e4+ 36. Ke2 h6 37. Kd2 Ke5 (37... Ba5+ $142 38. Kc1 Ke5) 38. Ke2 Ba5 39. Bb7 Bd8 40. Kd2 Bc7 {Precision: White = 16%, Black = 79%.} 0-1

[Event "CZE-tht Extraliga 2018-19"]
[Site "Czech Republic"]
[Date "2018.11.04"]
[Round "2"]
[White "LYS11 Suran Jan IM"]
[Black "TES9 Kawulok Marek"]
[Result "1/2-1/2"]
[WhiteElo "2420"]
[BlackElo "2215"]
[Annotator "TA"]
[PlyCount "46"]
[EventDate "2018.11.03"]
[EventType "team-tourn"]
[EventCountry "CZE"]
[SourceTitle "playchess.com"]
[Source "ChessBase"]
[SourceQuality "1"]

{[%evp 26,46,12,16,41,42,60,31,111,47,77,32,36,14,25,12,16,16,42,0,27,0,34]} 1. e4 e5 2. Nf3 Nc6 3. Nc3 Nf6 4. Bb5 Bb4 5. O-O O-O 6. d3 {[%cal Bd2d3,Bd3d4,Bd4d5][%mdl 32]} Bxc3 7. bxc3 d6 8. Bg5 Qe7 9. Re1 Nd8 10. d4 Ne6 11. Bc1 c6 12. Bf1 Qc7 13. g3 Re8 {C49: Four Knights: 4 Bb5 Bb4} 14. Bg2 {LiveBook: 3 Games} c5 15. d5 Nf8 {White is slightly better.} 16. Bg5 Ng6 (16... N8d7 $14) 17. Nd2 ({Better is} 17. Bxf6 $1 $16 {Strongly threatening Bg5.} gxf6 18. Nd2) 17... Qe7 18. h3 h6 19. Be3 Nh7 20. Qh5 Nf6 21. Qe2 Nh7 22. Qh5 $146 Nf6 23. Qe2 Nh7 {Precision: White = 26%, Black = 26%.} 1/2-1/2

[Event "CZE-tht Extraliga 2018-19"]
[Site "Czech Republic"]
[Date "2018.11.04"]
[Round "2"]
[White "Rydl, Jiri"]
[Black "Koziol, Kamil"]
[Result "1/2-1/2"]
[WhiteElo "2420"]
[BlackElo "2285"]
[Annotator "TA"]
[PlyCount "26"]
[EventDate "2018.11.03"]
[EventType "team-tourn"]
[EventCountry "CZE"]
[SourceTitle "playchess.com"]
[Source "ChessBase"]
[SourceQuality "1"]
[WhiteTeam "Siesta Solution Unichess A"]
[BlackTeam "Labortech Ostrava"]

{[%evp 17,26,18,41,0,0,4,7,0,0,-7,-10]} 1. c4 e5 2. g3 Nf6 3. Bg2 c6 4. d4 exd4 5. Qxd4 d5 6. Nf3 Na6 {A20: English Opening: 1...e5} (6... Be6 7. cxd5 cxd5 8. Be3 Nc6 9. Qa4 Bb4+ 10. Nbd2 O-O 11. O-O d4 12. Bg5 h6 13. Bxf6 Qxf6 14. Ne4 {½-½ (64) Vallejo Pons,F (2710)-Inarkiev,E (2727) Moscow 2017}) 7. O-O Be7 8. cxd5 Qxd5 9. Nc3 Qh5 {LiveBook: 4 Games} 10. Qe5 $146 ({Predecessor:} 10. Bg5 h6 11. Bxf6 Bxf6 12. Qe3+ Be7 13. Nd4 {½-½ (62) Flores,D (2578)-Perez Ponsa,F (2497) Resistance/Saenz Pena 2013}) 10... Qxe5 {The position is equal.} 11. Nxe5 O-O 12. h3 Be6 13. Rd1 Rfd8 1/2-1/2

[Event "CZE-tht Extraliga 2018-19"]
[Site "Czech Republic"]
[Date "2018.11.04"]
[Round "2"]
[White "Suran, Jan"]
[Black "Kawulok, Marek"]
[Result "1/2-1/2"]
[WhiteElo "2420"]
[BlackElo "2215"]
[Annotator "NA"]
[PlyCount "46"]
[EventDate "2018.11.03"]
[EventType "team-tourn"]
[EventCountry "CZE"]
[SourceTitle "playchess.com"]
[Source "ChessBase"]
[SourceQuality "1"]
[WhiteTeam "Výstavište Lysá nad Labem"]
[BlackTeam "Slavoj Ceský Tešín"]
[TimeControl "40/5400+30:1800+30"]

1. e4 {[%emt 0:00:00]} e5 {[%emt 0:00:00]} 2. Nf3 {[%emt 0:00:30]} Nc6 {[%emt 0:00:30]} 3. Nc3 {[%emt 0:00:30]} Nf6 {[%emt 0:00:30]} 4. Bb5 {[%emt 0:00:30]} Bb4 {[%emt 0:00:30]} 5. O-O {[%emt 0:00:30]} O-O {[%emt 0:00:30]} 6. d3 {[%emt 0:00:30]} Bxc3 {[%emt 0:05:10]} 7. bxc3 {[%emt 0:00:25]} d6 {[%emt 0:00:06]} 8. Bg5 {[%emt 0:07:00]} Qe7 {[%emt 0:03:03]} 9. Re1 {[%emt 0:02:21]} Nd8 {[%emt 0:03:03]} 10. d4 {[%emt 0:00:45]} Ne6 {[%emt 0:00:20]} 11. Bc1 {[%emt 0:00:21]} c6 {[%emt 0:05:05]} 12. Bf1 {[%emt 0:01:33]} Qc7 {[%emt 0:00:10]} 13. g3 $11 {[%emt 0:11:40]} Re8 {[%emt 0:17:01]} 14. Bg2 {[%emt 0:11:03]} c5 {[%emt 0:07:41]} 15. d5 {[%emt 0:04:46]} Nf8 {[%emt 0:00:06]} 16. Bg5 {[%emt 0:03:25]} Ng6 {[%emt 0:08:53]} 17. Nd2 {[%emt 0:13:50]} Qe7 {[%emt 0:03:52]} 18. h3 {[%emt 0:02:16]} h6 {[%emt 0:06:20]} 19. Be3 {[%emt 0:00:19]} Nh7 {[%emt 0:00:07]} 20. Qh5 {[%emt 0:05:50]} Nf6 {[%emt 0:03:09]} 21. Qe2 {[%emt 0:00:05]} Nh7 {[%emt 0:00:05]} 22. Qh5 {[%emt 0:01:30]} Nf6 {[%emt 0:00:06]} 23. Qe2 {[%emt 0:00:05]} Nh7 {[%emt 0:00:17]} 1/2-1/2

[Event "CZE-tht Extraliga 2018-19"]
[Site "Czech Republic"]
[Date "2018.11.04"]
[Round "2"]
[White "Vykouk, Jan"]
[Black "Polak, Tomas"]
[Result "1/2-1/2"]
[WhiteElo "2418"]
[BlackElo "2503"]
[Annotator "TA"]
[PlyCount "83"]
[EventDate "2018.11.03"]
[EventType "team-tourn"]
[EventCountry "CZE"]
[SourceTitle "playchess.com"]
[Source "ChessBase"]
[SourceQuality "1"]
[WhiteTeam "ŠK ZIKUDA Turnov"]
[BlackTeam "Moravská Slavia Brno"]

{[%evp 22,83,52,27,81,87,81,82,79,60,109,101,102,32,39,54,39,37,47,12,13,7,20,0,0,25,15,13,38,0,106,4,2,16,45,41,45,47,62,0,0,0,0,0,0,0,0,0,0,0,0,0,0,0,0,0,0,0,0,0,0,0,0,0]} 1. e4 c6 2. c4 d5 3. cxd5 cxd5 4. exd5 Nf6 5. Qa4+ Nbd7 6. Nc3 g6 7. Nf3 Bg7 8. Bc4 O-O 9. d3 Nb6 10. Qb3 Bg4 {B10: Caro-Kann: 2 d3 and 2 c4} 11. Ne5 Bf5 (11... Qc7 12. f4 Qc5 13. h3 Bc8 14. Ke2 Nh5 15. Kf3 e6 16. g4 exd5 17. Nxd5 Nxd5 18. Bxd5 Bxe5 19. gxh5 {1-0 (46) Zhigalko,A (2594)-Hovhannisyan,R (2641) Yerevan 2016}) 12. O-O {LiveBook: 4 Games} Ne8 (12... Nfxd5 $11 {remains equal.} 13. Nxd5 Bxe5) 13. Bf4 Nd6 14. Rfe1 Rc8 {[#]} 15. a4 $146 ({Predecessor:} 15. h3 Nd7 16. Nxd7 Qxd7 17. a4 Nxc4 18. dxc4 Bd3 19. Qa3 Qf5 20. Bg3 Bxc4 21. Qxe7 {½-½ (21) Panno,O (2510)-Tempone,M (2435) Argentina 1995}) 15... Nd7 16. Nxd7 Qxd7 17. Nb5 ({White should try} 17. Rac1 $16) 17... Nxc4 $14 18. dxc4 a6 19. Na3 e6 $1 20. Rad1 exd5 $1 21. cxd5 Rfe8 22. h3 Rxe1+ 23. Rxe1 Re8 24. Rxe8+ Qxe8 25. Qxb7 {[#] And now Nc4 would win.} (25. Be3 $5 {[%cal Rb3b7]}) 25... Qe1+ 26. Kh2 Be5 27. Bg3 {Hoping for Nc4.} Bxg3+ 28. fxg3 Qe2 $1 29. Qb8+ Kg7 30. g4 ({Better is} 30. Qa7 $14) 30... Be4 $1 $11 {[%csl Ge4][%cal Re2g2] [#] The position is equal.} 31. Qe5+ f6 {[%csl Ge4][%cal Re2g2]} 32. Qg3 Bxd5 33. b4 Qe4 34. b5 Qxa4 35. bxa6 Qxa6 36. Nc2 Qe6 37. Ne3 Be4 38. Qc7+ Qf7 39. Qd6 g5 40. Nf5+ Bxf5 41. gxf5 Qb7 42. Qe6 {Precision: White = 71%, Black = 78%.} 1/2-1/2

[Event "CZE-tht Extraliga 2018-19"]
[Site "Czech Republic"]
[Date "2018.11.04"]
[Round "2"]
[White "Kanovsky, David"]
[Black "Ragger, Markus"]
[Result "1/2-1/2"]
[WhiteElo "2414"]
[BlackElo "2690"]
[Annotator "TA"]
[PlyCount "115"]
[EventDate "2018.11.03"]
[EventType "team-tourn"]
[EventCountry "CZE"]
[SourceTitle "playchess.com"]
[Source "ChessBase"]
[SourceQuality "1"]
[WhiteTeam "ŠK Slavoj Poruba"]
[BlackTeam "1. Novoborský ŠK"]

{[%evp 21,115,38,35,13,35,30,30,25,27,19,24,2,27,25,19,26,52,42,56,50,80,11,28,13,47,0,26,0,0,0,0,4,-3,-18,-14,-16,-22,-41,-24,-35,-34,-31,-24,-25,-17,-35,-26,-24,0,-31,-46,-277,-268,-260,-155,-184,-161,-145,-106,-162,-160,-212,-188,-187,-186,-211,-214,-239,-203,-268,-190,-110,-57,-47,-34,-45,-21,-21,0,0,0,0,0,0,0,-10,9,0,0,0,27,27,24,10,18,4]} 1. e4 e5 2. Nf3 Nc6 3. Bb5 {[%cal Bf1b5,Bb5a4,Ba4b3][%mdl 32]} a6 4. Ba4 Nf6 5. O-O Be7 6. Re1 b5 7. Bb3 d6 8. c3 Na5 9. Bc2 c5 10. d4 exd4 {C90: Closed Ruy Lopez with 7...d6: Early deviations} (10... Qc7 11. d5 O-O 12. b3 Bd7 13. h3 c4 14. b4 Nb7 15. a4 Rfb8 16. Be3 Nd8 17. Qe2 Ne8 18. Nbd2 f6 19. Ra3 {0-1 (59) Volokitin,A (2632)-Postny,E (2575) Berlin 2018}) 11. cxd4 Bg4 {LiveBook: 3 Games} 12. d5 Nc4 13. h3 Bxf3 $146 ({Predecessor:} 13... Bh5 14. Nbd2 Ne5 15. b3 O-O 16. Bb2 Nfd7 17. g4 Bg6 18. Nxe5 Nxe5 {1-0 (34) Shetty,R (2377)-Khaw,T Singapore 2003}) 14. Qxf3 Nd7 15. a4 O-O 16. b3 Nce5 17. Qe2 Bf6 18. Ra2 Qb6 19. Be3 Ng6 20. Nd2 Rfe8 21. Qf1 (21. b4 $16) 21... Qa5 22. Bd3 Rab8 23. Nf3 (23. b4 $5 cxb4 24. Nb3 $14) 23... h6 24. Rc1 Nge5 25. Nxe5 Nxe5 26. Bd2 Qb6 27. Be2 Ng6 28. axb5 axb5 29. Ra5 {[%cal Ra5b5]} b4 30. Ra6 Qd8 31. Bd3 Ra8 32. Rxa8 Qxa8 33. f4 Qa2 $36 {[%mdl 2048] Black has some pressure.} 34. Qd1 Ra8 35. Kh1 Qb2 36. g3 $2 ({White should try} 36. Qc2 $15) 36... Ra2 $19 37. Bc2 {[#]} Qd4 (37... Bc3 $1 $19 {[%cal Rc3d2] aiming for ...Bxd2.} 38. Be3 {[#]} c4 $1 {[%mdl 512]}) 38. Qe2 Nf8 39. Qe1 {intending Be3.} Nd7 40. Be3 (40. Qe3 $17) 40... Qb2 41. Qg1 (41. Qf1 $17) 41... Bd4 42. Bxd4 cxd4 43. Bb1 {And now Rc8+ would win.} Ra8 44. Rd1 Qxb3 {White must now prevent ...Nc5.} 45. Rxd4 Nc5 {Threatens to win with ...Ra1.} 46. e5 Kf8 ({Black should play} 46... dxe5 $17 47. fxe5 Rd8) 47. exd6 $15 Ra1 48. Rd1 Qf3+ {[%mdl 1024] Black has compensation.} 49. Kh2 Qe2+ 50. Kh1 b3 {Strongly threatening ...Ne4.} 51. Re1 Qf3+ 52. Kh2 Nd7 (52... Qxd5 53. Qe3 $16) 53. Qd4 Ra4 54. Qe3 Qxe3 55. Rxe3 Ra6 56. Rxb3 Rxd6 57. Rb5 Ke7 58. Bf5 {Precision: White = 45%, Black = 53%.} 1/2-1/2

[Event "CZE-tht Extraliga 2018-19"]
[Site "Czech Republic"]
[Date "2018.11.04"]
[Round "2"]
[White "Piesik, Piotr"]
[Black "Plat, Vojtech"]
[Result "1/2-1/2"]
[WhiteElo "2412"]
[BlackElo "2539"]
[Annotator "TA"]
[PlyCount "43"]
[EventDate "2018.11.03"]
[EventType "team-tourn"]
[EventCountry "CZE"]
[SourceTitle "playchess.com"]
[Source "ChessBase"]
[SourceQuality "1"]
[WhiteTeam "Slavoj Ceský Tešín"]
[BlackTeam "Výstavište Lysá nad Labem"]

{[%evp 26,28,8,9,29]} 1. d4 Nf6 2. g3 g6 3. Bg2 d5 4. c4 Bg7 5. cxd5 Nxd5 6. Nf3 Nb6 7. Nc3 Nc6 8. e3 O-O 9. O-O e5 10. d5 Na5 11. e4 c6 12. Bg5 f6 13. Be3 cxd5 14. Bxb6 {LiveBook: 102 Games} axb6 {[#] D76: Fianchetto Grünfeld: Main Line with 7...Nb6} {Predecessor:} 15. Qxd5+ $146 Kh8 16. Rfd1 Qe7 17. Qb5 Qc5 18. Rac1 Bg4 19. Qe2 Nc6 20. Nb5 Qe7 21. a3 Rad8 22. h3 {0-1 (48) Olafsson,H (2508)-Plat,V (2569) chess.com INT 2018} 1/2-1/2

[Event "CZE-tht Extraliga 2018-19"]
[Site "Czech Republic"]
[Date "2018.11.04"]
[Round "2"]
[White "Bures, Jaroslav"]
[Black "Krejci, Jan"]
[Result "1/2-1/2"]
[WhiteElo "2396"]
[BlackElo "2563"]
[Annotator "TA"]
[PlyCount "50"]
[EventDate "2018.11.03"]
[EventType "team-tourn"]
[EventCountry "CZE"]
[SourceTitle "playchess.com"]
[Source "ChessBase"]
[SourceQuality "1"]
[WhiteTeam "ŠK Slavoj Poruba"]
[BlackTeam "1. Novoborský ŠK"]

{[%evp 15,50,24,53,33,48,37,45,39,40,48,50,46,47,49,51,58,64,0,0,-43,38,-22,0,0,0,0,19,14,10,20,8,0,0,0,21,29,30]} 1. d4 d5 2. c4 e6 3. Nc3 Bb4 4. a3 {[%cal Ba2a3,Ba3a4,Ba4a5][%mdl 32]} Bxc3+ 5. bxc3 Nf6 6. e3 c6 7. Nf3 O-O 8. a4 {E51: Nimzo-Indian: Rubinstein: 4...0-0 5 Nf3 d5} Nbd7 {LiveBook: 3 Games} 9. cxd5 cxd5 10. c4 {White is slightly better.} Re8 $146 ({Predecessor:} 10... Qc7 11. Qb3 e5 12. Ba3 Re8 13. Rc1 Qb6 14. Qxb6 axb6 15. dxe5 Nxe5 16. Nxe5 Rxe5 {1-0 (57) Khenkin,I (2566)-Ashwath,R (2288) Dresden 2018}) 11. a5 e5 12. dxe5 Nxe5 13. Nxe5 Rxe5 14. Bb2 Re8 15. cxd5 Bg4 16. f3 ({White should play} 16. Qd2 $14) 16... Nxd5 $11 {[%cal Bf6d5,Bd5e3,Be3c2][%mdl 32]} ({But not} 16... Rxe3+ $6 17. Kf2 $16) 17. Qd4 {[%csl Gb2][%cal Rd4g7] [#]} Qg5 (17... Qh4+ $1 $15 18. g3 Qh6 19. fxg4 Nxe3) 18. fxg4 (18. Kf2 $14) 18... Nxe3 ({Wrong is} 18... Rxe3+ $2 19. Kf2 $18) 19. h4 Qg6 20. Bd3 Nc2+ 21. Kf1 {[#] Black must now prevent Bxc2.} Nxd4 22. Bxg6 Nb3 $132 {[%mdl 2048] Black is not keeping still} 23. Bd3 {Threatens to win with Re1.} Nxa1 24. Bxa1 Rac8 25. Kf2 Rc5 {Precision: White = 29%, Black = 36%.} 1/2-1/2

[Event "CZE-tht Extraliga 2018-19"]
[Site "Czech Republic"]
[Date "2018.11.04"]
[Round "2"]
[White "Molenda, Marcin"]
[Black "Najer, Evgeniy"]
[Result "0-1"]
[WhiteElo "2378"]
[BlackElo "2663"]
[Annotator "TA"]
[PlyCount "70"]
[EventDate "2018.11.03"]
[EventType "team-tourn"]
[EventCountry "CZE"]
[SourceTitle "playchess.com"]
[Source "ChessBase"]
[SourceQuality "1"]
[WhiteTeam "Slavoj Ceský Tešín"]
[BlackTeam "Výstavište Lysá nad Labem"]

{[%evp 24,70,-27,-25,-23,-29,-26,-35,-25,-29,11,3,29,16,22,16,31,18,22,18,11,0,0,0,0,-51,-54,-268,-294,-262,-294,-291,-266,-611,-595,-956,-925,-1153,-1110,-1196,-1056,-4891,-4810,-11114,-9850,-29957,-7668,-4067,-2683]} 1. d4 Nf6 2. c4 g6 3. g3 Bg7 4. Bg2 O-O 5. Nc3 d6 6. Nf3 Nc6 7. O-O e5 8. dxe5 dxe5 9. Bg5 Be6 10. Qa4 Qc8 {E62: King's Indian: Fianchetto: 6...c6 and Panno Variation (6...Nc6) without ...a6} 11. Rfd1 (11. Bxf6 Bxf6 12. Rfd1 Bg7 13. Nd5 Kh8 14. e3 f5 15. Rac1 e4 16. Nd4 Nxd4 17. exd4 Rd8 18. f3 exf3 19. Bxf3 {0-1 (25) Mekhitarian,K (2546)-Le,Q (2715) Douglas 2018}) 11... Nd7 12. Nd5 e4 13. Nd2 {LiveBook: 4 Games} f5 ({But not} 13... Bxb2 $6 14. Rab1 $14) 14. Qxc6 bxc6 15. Ne7+ Kf7 16. Nxc8 Rfxc8 $146 ({Predecessor:} 16... Bxb2 17. Rab1 Bf6 18. Bxf6 Nxf6 {½-½ (38) Napoli,N (2295)-Molner,M (2465) Barcelona 2018}) 17. Rab1 a5 18. f3 exf3 19. Nxf3 c5 20. Be3 {[#] And now Ng5+ would win.} h6 21. Rd2 Ra6 22. b3 Rb8 23. Rbd1 Ke8 24. Nh4 (24. Ne1 $11) 24... g5 $1 $15 {[%cal Bg6g5,Bg5h4][%mdl 32]} 25. Bd5 $2 {[#]} ({White should try} 25. Nf3 $1 $15) 25... gxh4 $19 26. Bxe6 Rxe6 27. Rxd7 Bd4 $1 28. Rh7 $2 (28. Bxd4 Kxd7 29. Be3+ Kc6 30. Kf2) 28... Rxe3 29. Rxd4 cxd4 30. Rh8+ Ke7 31. Rxb8 Rxe2 32. Rb5 d3 33. Kf1 Rxh2 34. Rd5 hxg3 35. Rxd3 Rf2+ {Precision: White = 25%, Black = 79%.} 0-1